000
00292 a2200109 4500
020
_a
9789391600969
100
_a
Elif Shafak
245
_a
Nalpathu pranayaniyamangal(നാൽപത് പ്രണയ നിയമങ്ങൾ)
250
_a
8th
260
_b
Other books
_c
2025
942
_c
OO
999
_c
115830
_d
115829